000
00282nam a2200109Ia 4500
008
231212s1994 xx 000 0 und d
041
_a
eng
082
_a
660.2842
100
_a
Badri Ram
245
_a
Fundamentals Of Microprocessor & Microcomputers
260
_a
Delhi
_b
Prentic
_c
1994
999
_c
964274
_d
964274